MARC

LEADER 00000nam0a2200000 4500
001 81220
005 20231101213146.0
010 |a 5280011118 
035 |a (RuTPU)RU\TPU\book\87319 
090 |a 81220 
100 |a 20050919d1990 m y0rusy50 ca 
101 0 |a rus 
102 |a RU 
105 |a y z 000ay 
200 1 |a Впрок  |e проза  |f А. П. Платонов 
210 |a Москва  |c Художественная литература  |d 1990 
215 |a 655 с. 
610 1 |a проза 
610 1 |a рассказы 
675 |a Р2  |v 3 
700 1 |a Платонов  |b А. П.  |c русский писатель  |f 1899-1951  |g Андрей Платонович  |2 stltpush  |3 (RuTPU)RU\TPU\pers\1710  |9 714 
801 1 |a RU  |b 63413507  |c 20050919  |g PSBO 
801 2 |a RU  |b 63413507  |c 20140827  |g PSBO 
942 |c BK